Zlaté střevíčky /
Uložené v:
| Ďalší autori: | |
|---|---|
| Médium: | Zvuková nahrávka |
| Jazyk: | Czech |
| Vydané: |
Praha :
Supraphon,
1986.
|
| Fyzický popis: |
1 gramofónová platňa : 33 stereo ; 30 cm. |
| Tagy: |
Pridať tag
Žiadne tagy, Buďte prvý kto otaguje tento záznam!
|
Titul je dostupný aj v ... 

MARC
| LEADER | 00000njm a2200000 a 4500 | ||
|---|---|---|---|
| 001 | 000417521 | ||
| 003 | SVKKK | ||
| 005 | 20130403105209.0 | ||
| 008 | 130403s1986 xr cze#d | ||
| 028 | 4 | 2 | |a 1113 4029 |b Supraphon |c Kčs 44,00 |
| 040 | |a SVKKK |b slo |c SVKKK |e AACR2 | ||
| 041 | |a cze | ||
| 044 | |a xr |c CZ | ||
| 245 | 0 | 0 | |a Zlaté střevíčky / |h zvukový záznam |c Sláva Kunst se svým orchestrem (1960-1974). |
| 260 | |a Praha : |b Supraphon, |c 1986. | ||
| 300 | |a 1 gramofónová platňa : |b 33 stereo ; |c 30 cm. | ||
| 500 | |a Nahrávky Čs. rozhlasu | ||
| 505 | 0 | |t Hledám čtyřlístek -- |t Zlaté střevíčky -- |t Můj strýček -- |t Ne, ach ne -- |t Dříve než rozkvete kvítí -- |t Anči sviť -- |t Já nechci na Havaj -- |t Martina -- |t 2. strana |t Úterý -- |t Cikánka -- |t Trápim se, máš-li trápení -- |t Tam pod nebeskou bání -- |t Stařec a hlas kytar -- |t A jsem rád -- |t Jose -- |t Vsaď, vyhraješ snad | |
| 511 | 0 | |a Sláva Kunst se svým orchestrem | |
| 700 | 1 | |a Kunst, Sláva, |d 1928-1991 |4 cnd | |
| 910 | |a svkkk | ||
| 998 | |a AM | ||
| 090 | |g SCKHL |k Sklad Pribinova 1. posch. |a IIIG.4583 |j 6437 |i 2720301565 |s Prezenčne CD, DVD | ||
| 924 | |a LP | ||
| 924 | |a AVM | ||